500 câu hỏi mở đường : Nghệ thuật đặt câu hỏi để thành công /
Guardado en:
| Autor principal: | |
|---|---|
| Otros Autores: | , |
| Formato: | Sách giấy |
| Lenguaje: | Vietnamese |
| Publicado: |
TP. HCM :
Trẻ,
2003.
|
| Materias: | |
| Etiquetas: |
Agregar Etiqueta
Sin Etiquetas, Sea el primero en etiquetar este registro!
|
| Thư viện lưu trữ: | Thư viện Trường Đại học Đà Lạt |
|---|
| LEADER | 00933nam a2200337 4500 | ||
|---|---|---|---|
| 001 | DLU110124862 | ||
| 005 | ##20110912 | ||
| 040 | # | # | |a DLU |b vie |
| 041 | # | # | |a vie |
| 044 | # | # | |a vn |
| 082 | # | # | |a 658.45 |b DE-S |
| 100 | # | # | |a Deep, Sammuel D. |
| 245 | # | # | |a 500 câu hỏi mở đường : |b Nghệ thuật đặt câu hỏi để thành công / |c Sammuel D. Deep, Lyle Sussman; Hương Lan dịch. |
| 260 | # | # | |a TP. HCM : |b Trẻ, |c 2003. |
| 300 | # | # | |a 315 tr. ; |c 21 cm. |
| 650 | # | # | |a Nhân viên |x Hướng dẫn kỹ năng sống. |
| 650 | # | # | |a Phát triển nghề nghiệp. |
| 650 | # | # | |a Quan hệ giữa cá nhân. |
| 700 | # | # | |a Hương Lan, |e dịch. |
| 700 | # | # | |a Sussman, Lyle. |
| 923 | # | # | |a 01/2011CP |
| 991 | # | # | |a SH |
| 992 | # | # | |a 29000 |
| 994 | # | # | |a KCP |
| 900 | # | # | |a True |
| 911 | # | # | |a Đào Thị Thu Huyền |
| 925 | # | # | |a G |
| 926 | # | # | |a A |
| 927 | # | # | |a SH |
| 980 | # | # | |a Thư viện Trường Đại học Đà Lạt |